Представление документа в формате MARC21

ПолеНазваниеЗначение
  Тип записи a
  Библиографический уровень m
001 Контрольный номер RU/URAIT/583722
005 Дата корректировки 20260429163647.0
008 Кодируемые данные 260429s2026 RU y f j 000 0 rus u
020 Индекс ISBN __
a ISBN 978-5-534-02612-2
c Цена, тираж 1759.00
040 Источник каталогиз. __
a Служба первич. каталог. ИКО Юрайт
c Служба, преобразующая запись ИКО Юрайт
e Правила каталог. RCR
041 Код языка издания __
a Код языка текста rus
044 Код страны публикации __
a Код страны публикации RU
080 Индекс УДК __
a Индекс УДК 769(075.32)
084 Индекс другой классификации/Индекс ББК __
2 Источник индекса rubbk
a Индекс другой классификации/Индекс ББК 75я723
100 Автор __
a Автор Муллер А. Б.
q Полное имя Муллер Арон Беркович
245 Заглавие __
a Заглавие Физическая культура
b Продолж. заглавия учебник и практикум для спо
c Ответственность А. Б. Муллер, Н. С. Дядичкина, Ю. А. Богащенко.
256 Характеристики компьютерного файла __
a Характеристики компьютерного файла Электрон. дан.
260 Выходные данные __
a Место издания Москва
b Издательство Юрайт
c Дата издания 2026
300 Физическое описание __
a Объем 424 с
440 Серия __
a Серия Профессиональное образование
500 Примечания __
a Примечание URL: https://urait.ru/bcode/583722 (дата обращения: 29.04.2026).
520 Аннотация __
a Аннотация Курс формирует компетенции учащихся в объеме, предусмотренном требованиями стандарта среднего (полного) общего образования по физической культуре. В учебнике доступно и компактно изложены теоретические основы физической культуры, даны методики оздоровительной и спортивной тренировки, самостоятельных занятий физическими упражнениями и самоконтроля. Также представлен материал по профессионально-прикладной физической подготовке и физической культуре в профессиональной деятельности студента. Учебник состоит из двух частей: первая материалы для лекций, вторая содержит описание методико-практических занятий.
538 Прим. о системных особенностях __
a Прим. о системных особенностях Режим доступа: Электронно-библиотечная система Юрайт, для авториз. пользователей
653 Ключевые слова __
a Ключевые слова Физическая культура
653 Ключевые слова __
a Ключевые слова Гуманитарные науки
653 Ключевые слова __
a Ключевые слова Физическая культура
653 Ключевые слова __
a Ключевые слова Физическая культура (физическая подготовка)
653 Ключевые слова __
a Ключевые слова Физкультура
653 Ключевые слова __
a Ключевые слова Физическая подготовка
653 Ключевые слова __
a Ключевые слова Преподавание физической культуры по основным общеобразовательным программам
653 Ключевые слова __
a Ключевые слова Физическая культура и спорт
653 Ключевые слова __
a Ключевые слова Общая физическая подготовка
653 Ключевые слова __
a Ключевые слова Физическая культура (базовая подготовка)
653 Ключевые слова __
a Ключевые слова Физическая культура (углубленная подготовка)
653 Ключевые слова __
a Ключевые слова Физическая культура (ЗОЖ)
653 Ключевые слова __
a Ключевые слова Финансовая грамотность
653 Ключевые слова __
a Ключевые слова Основы финансовой грамотности
653 Ключевые слова __
a Ключевые слова Общая физическая культура
653 Ключевые слова __
a Ключевые слова Основы физической культуры
653 Ключевые слова __
a Ключевые слова Физическая культура спорт
653 Ключевые слова __
a Ключевые слова Физическая культура и спорт2
653 Ключевые слова __
a Ключевые слова Элективная физическая культура
653 Ключевые слова __
a Ключевые слова Элективная физическая культура и спорт
653 Ключевые слова __
a Ключевые слова Физическая культура. Общие вопросы
653 Ключевые слова __
a Ключевые слова Основы финансовой грамотности в профессиональной деятельности
653 Ключевые слова __
a Ключевые слова Физическая культура и спорт: теория и практика
653 Ключевые слова __
a Ключевые слова Физическая культура и здоровье
653 Ключевые слова __
a Ключевые слова Базовая физическая культура
653 Ключевые слова __
a Ключевые слова Физическая культура/ Адаптивная физическая культура
653 Ключевые слова __
a Ключевые слова Физическая культура / Адаптивная физическая культура
653 Ключевые слова __
a Ключевые слова Физическая культура и спорт. Общая физическая подготовка
653 Ключевые слова __
a Ключевые слова Физическая культура и спорт. Спортивная подготовка
653 Ключевые слова __
a Ключевые слова Физическая культура здоровье
653 Ключевые слова __
a Ключевые слова Физическая культура (элективная дисциплина)
653 Ключевые слова __
a Ключевые слова Физическая культура и спорт (элективный курс)
653 Ключевые слова __
a Ключевые слова Элективные курсы по физической культуре, Физическая культура и спорт
653 Ключевые слова __
a Ключевые слова Физическая культура (элективные курсы)
653 Ключевые слова __
a Ключевые слова Физическая культура: общая физическая подготовка
700 Другие авторы __
a Другие авторы Дядичкина Н. С.
q Полное имя Дядичкина Нина Спиридоновна
700 Другие авторы __
a Другие авторы Богащенко Ю. А.
q Полное имя Богащенко Юрий Анатольевич
856 Электронный адрес документа 40
n Местонахождение сервера Юрайт
g Электронная книга
q Тип электронного формата html
h Имя пользователя ЮРАЙТ
v Часы доступа к ресурсу 20271231
2 Способ доступа Показать документ
x Служебное примечание https://urait.ru/book/cover/957C8BE9-A8AA-4F3A-980F-D9B8BC8F60D1
u URL https://urait.ru/bcode/583722
856 Электронный адрес документа 48
q Тип электронного формата cover
u URL https://urait.ru/book/cover/957C8BE9-A8AA-4F3A-980F-D9B8BC8F60D1
911 __
u 0030=https://urait.ru/bcode/583722
911 __
u 073a=9785534026122
u 073d=1759.00
911 __
u 106a=s
911 __
u 900l=
952 Тип литературы __
i Дисциплина Физическая культура
952 Тип литературы __
i Дисциплина Физическая культура (физическая подготовка)
952 Тип литературы __
i Дисциплина Физкультура
952 Тип литературы __
i Дисциплина Физическая подготовка
952 Тип литературы __
i Дисциплина Преподавание физической культуры по основным общеобразовательным программам
952 Тип литературы __
i Дисциплина Физическая культура и спорт
952 Тип литературы __
i Дисциплина Общая физическая подготовка
952 Тип литературы __
i Дисциплина Физическая культура (базовая подготовка)
952 Тип литературы __
i Дисциплина Физическая культура (углубленная подготовка)
952 Тип литературы __
i Дисциплина Физическая культура (ЗОЖ)
952 Тип литературы __
i Дисциплина Финансовая грамотность
952 Тип литературы __
i Дисциплина Основы финансовой грамотности
952 Тип литературы __
i Дисциплина Общая физическая культура
952 Тип литературы __
i Дисциплина Основы физической культуры
952 Тип литературы __
i Дисциплина Физическая культура спорт
952 Тип литературы __
i Дисциплина Физическая культура и спорт2
952 Тип литературы __
i Дисциплина Элективная физическая культура
952 Тип литературы __
i Дисциплина Элективная физическая культура и спорт
952 Тип литературы __
i Дисциплина Физическая культура. Общие вопросы
952 Тип литературы __
i Дисциплина Основы финансовой грамотности в профессиональной деятельности
952 Тип литературы __
i Дисциплина Физическая культура и спорт: теория и практика
952 Тип литературы __
i Дисциплина Физическая культура и здоровье
952 Тип литературы __
i Дисциплина Базовая физическая культура
952 Тип литературы __
i Дисциплина Физическая культура/ Адаптивная физическая культура
952 Тип литературы __
i Дисциплина Физическая культура / Адаптивная физическая культура
952 Тип литературы __
i Дисциплина Физическая культура и спорт. Общая физическая подготовка
952 Тип литературы __
i Дисциплина Физическая культура и спорт. Спортивная подготовка
952 Тип литературы __
i Дисциплина Физическая культура здоровье
952 Тип литературы __
i Дисциплина Физическая культура (элективная дисциплина)
952 Тип литературы __
i Дисциплина Физическая культура и спорт (элективный курс)
952 Тип литературы __
i Дисциплина Элективные курсы по физической культуре, Физическая культура и спорт
952 Тип литературы __
i Дисциплина Физическая культура (элективные курсы)
952 Тип литературы __
i Дисциплина Физическая культура: общая физическая подготовка